000 00820cam a2200253 a 4500
001 2597753
005 20180301040548.0
008 970429s1997 mnua b 001 0 eng
010 _a 97020301
020 _a0816630046 (hardcover : alk. paper)
020 _a0816630054 (pbk. : alk. paper)
040 _aDLC
_cDLC
_dDLC
041 _aeng
043 _an-us---
080 _a305.42 HEY
082 0 0 _a305.42 HEY
_221
100 _a50
101 _aSOC
245 0 0 _aThird wave agenda :
_cLeslie Heywood & Jennifer Drake, editors.
504 _aIncludes bibliographical references and index.
906 _a7
_bcbc
_corignew
_d1
_eocip
_f19
_gy-gencatlg
942 _2ddc
_cBK
999 _c43777
_d43777